Cơ sở kĩ thuật siêu cao tần; T2 Dùng cho học sinh đại học ngành vô tuyến điện

Đã lưu trong:
Bibliografiske detaljer
Hovedforfatter: Nguyễn Văn Ngọ
Format: Bog
Sprog:Undetermined
Udgivet: Hà Nội ĐH và THCN 1979
Fag:
Tags: Tilføj Tag
Ingen Tags, Vær først til at tagge denne postø!
Thư viện lưu trữ: Trung tâm Học liệu Trường Đại học Cần Thơ
LEADER 00575nam a2200181Ia 4500
001 CTU_46238
008 210402s9999 xx 000 0 und d
082 |a 621.384 
082 |b Ng400/T2 
100 |a Nguyễn Văn Ngọ 
245 0 |a Cơ sở kĩ thuật siêu cao tần; T2 
245 0 |b Dùng cho học sinh đại học ngành vô tuyến điện 
245 0 |c Nguyễn Văn Ngọ 
260 |a Hà Nội 
260 |b ĐH và THCN 
260 |c 1979 
650 |a electronics,radio 
980 |a Trung tâm Học liệu Trường Đại học Cần Thơ